| 000 | 01189nam a2200229 a 4500 | ||
|---|---|---|---|
| 008 | 120416s1993 ||||||||||||||||| || u | ||
| 020 | _a090767951X | ||
| 050 | _aLC 1043 Gen | ||
| 100 | _aWaites, Nick | ||
| 245 | 1 | 0 |
_aGeneral national vocational qualification(GNVQ): Core skills _cby Rod Ashley (and others) |
| 260 |
_aSunderland: _bBusiness Education Publishers _c1993. |
||
| 350 | _a0.00 | ||
| 700 | _aMorton Jim | ||
| 700 | _aHind, David | ||
| 700 | _aEllison, John | ||
| 700 | _aKnott, Geoffrey | ||
| 700 | _aAshley, Rod | ||
| 995 |
_aANNEX COLLECTION (Main Library) _D0.00 _e733260 _FCBU-MAIN LIBRARY (Kitwe) _H4 _I28.00 _jLC 1043 Gen _M4 _UAVAILABLE _y45094 _ZAnnex Low-Usage Collection |
||
| 995 |
_aMAIN LIBRARY OPEN ACCESS _D0.00 _e733464 _FCBU-MAIN LIBRARY (Kitwe) _H5 _I28.00 _jLC 1043 Gen _M5 _UAVAILABLE _y45160 _ZMain Library Open Access Collection |
||
| 995 |
_aANNEX COLLECTION (Main Library) _D0.00 _e733466 _FCBU-MAIN LIBRARY (Kitwe) _H1 _I28.00 _jLC 1043 Gen _M1 _UAVAILABLE _y45106 _ZAnnex Low-Usage Collection |
||
| 995 |
_aMAIN LIBRARY OPEN ACCESS _D0.00 _e733465 _FCBU-MAIN LIBRARY (Kitwe) _H2 _I28.00 _jLC 1043 Gen _M2 _UAVAILABLE _WApr 27, 2006 _y45159 _ZMain Library Open Access Collection |
||
| 999 |
_c75836 _d75836 |
||